[Event "Challenge"]
[Site "http://www.queenalice.com/game.php?id=387839"]
[Date "2008.4.15"]
[Round "-"]
[White "DuNascimento"]
[Black "Aleqza"]
[Result "0-1"]
[WhiteElo "1241"]
[BlackElo "1505"]

1. e3 d5 2. Bb5+ c6 3. Bd3 e6 4. Nf3 f6 5. c4 e5 6. cxd5 cxd5 7. Bb5+ Bd7 8. Qa4
Bxb5 9. Qxb5+ Qd7 10. a4 Nh6 11. Nc3 a6 12. Qb6 a5 13. Nxd5 Ra6 14. Nc7+ Kf7 15.
Qxb7 Rc6 16. Qxb8 Qxc7 17. Qxc7+ Rxc7 18. h4 Bc5 19. b3 e4 20. Nd4 Bxd4 21. exd4
Rd8 22. Bb2 Nf5 23. h5 Rcd7 24. Rc1 Rb8 25. Rc5 Rxb3 26. Rxf5 Rxb2 27. d5 Rb1+
28. Ke2 Rxh1 29. g3 g6 30. hxg6+ hxg6 31. Rf4 Rxd5 32. Rxe4 Re5 33. Re3 Rxe3+
34. Kxe3 Ra1 0-1

[Event "Challenge"]
[Site "http://www.queenalice.com/game.php?id=387840"]
[Date "2008.4.15"]
[Round "-"]
[White "Aleqza"]
[Black "DuNascimento"]
[Result "0-1"]
[WhiteElo "1503"]
[BlackElo "1178"]

1. Nc3 e6 2. Nf3 Nf6 3. e4 Bb4 4. Ne5 Bxc3 5. bxc3 Nxe4 6. Qh5 g6 7. Qf3 f5 8.
g4 d6 9. gxf5 exf5 10. Nc4 d5 11. d3 Nxc3 12. Qe3+ Qe7 13. Ne5 Be6 14. Bb2 Qb4
15. Qd2 Qxb2 16. Qc1 Qxc1+ 17. Rxc1 Nxa2 18. Rb1 Nc6 19. Nf3 Ncb4 20. Nd4 Ke7
21. c3 Nc6 22. Nb5 Kd7 23. Kd1 a6 24. Na3 Nxc3+ 25. Kc1 Nxb1 26. Nxb1 a5 27. Nc3
d4 28. Ne2 Bd5 29. Rg1 Bf3 30. Nf4 a4 31. Bg2 Bxg2 0-1

[Event "Challenge"]
[Site "http://www.queenalice.com/game.php?id=388790"]
[Date "2008.4.16"]
[Round "-"]
[White "Aleqza"]
[Black "DuNascimento"]
[Result "1-0"]
[WhiteElo "1497"]
[BlackElo "1215"]

1. e4 Nf6 2. f3 e6 3. Nc3 Bb4 4. e5 Nd5 5. Nxd5 exd5 6. c3 Bc5 7. d4 Be7 8. h4
h5 9. b4 Bxh4+ 10. g3 Bxg3+ 11. Ke2 h4 12. Be3 g5 13. Bf2 Bxf2 14. Kxf2 f5 15.
exf6 Qxf6 16. Qe2+ Kf8 17. Re1 Kf7 18. Nh3 Rg8 19. Rg1 d6 20. Nxg5+ Rxg5 21.
Rxg5 Qxg5 22. Qe8+ Kf6 23. Qxc8 Qd2+ 24. Re2 Qxc3 25. Qf8+ Kg5 26. Qg7+ Kh5 27.
Qg4+ Kh6 28. Re6+ Kh7 29. Qg6+ 1-0

[Event "Easy!!!"]
[Site "http://www.queenalice.com/game.php?id=389845"]
[Date "2008.4.18"]
[Round "-"]
[White "Aleqza"]
[Black "DuNascimento"]
[Result "1-0"]
[WhiteElo "1513"]
[BlackElo "1170"]

1. Nc3 Nf6 2. Nf3 d5 3. e3 Bg4 4. Bb5+ c6 5. Bd3 e5 6. h3 Bxf3 7. gxf3 d4 8. Ne4
dxe3 9. Nxf6+ gxf6 10. dxe3 Bb4+ 11. c3 Bc5 12. Rg1 h5 13. e4 a5 14. Bc4 Qb6 15.
Rg7 Bxf2+ 16. Kf1 Na6 17. Rg2 Rd8 18. Qc2 Be3 19. Bxe3 Qxe3 20. Qe2 Qxe2+ 21.
Rxe2 Nc5 22. Rg2 a4 23. Rg7 Rd7 24. Re1 Rd2 25. b4 Nd3 26. Bxd3 Rxd3 27. Ke2
Rxc3 28. b5 cxb5 29. Rb1 Rc2+ 30. Kd3 Rxa2 31. Rgg1 Ra3+ 32. Ke2 Ra2+ 33. Kf1
Rc2 34. Rxb5 Rc1+ 35. Kf2 Rc2+ 36. Kf1 Rc1+ 37. Kf2 Rc2+ 38. Kf1 Rc1+ 39. Kf2
Rc2+ 40. Ke3 Rc3+ 41. Kd2 Rxf3 42. Rxb7 Rf8 43. Rc1 Kd8 44. Rb8+ Kd7 45. Rxf8 a3
46. Ra8 Rxh3 47. Ra7+ Kd6 48. Rxf7 Ke6 49. Ra7 Rh2+ 50. Kc3 Rh3+ 51. Kb4 Re3 52.
Rc6# 1-0

[Event "AUTO-BEG-209"]
[Site "http://www.queenalice.com/game.php?id=390164"]
[Date "2008.4.19"]
[Round "1"]
[White "DuNascimento"]
[Black "Lesser"]
[Result "0-1"]
[WhiteElo "1140"]
[BlackElo "1425"]

1. e3 d5 2. Bb5+ Bd7 3. a4 Bxb5 4. axb5 c6 5. b6 Qxb6 6. h4 e5 7. Nf3 Bd6 8. d4
e4 9. Ng5 h6 10. Nh3 Nf6 11. c3 Nbd7 12. f4 c5 13. dxc5 Nxc5 14. O-O Nd3 15. g4
Bc5 16. Qa4+ Nd7 17. Bd2 Bxe3+ 18. Bxe3 Qxe3+ 19. Nf2 Qg3+ 20. Kh1 Nxf2+ 21.
Rxf2 Qxf2 22. Qd4 Qxh4+ 23. Kg2 Qxg4+ 24. Kf1 Qxf4+ 25. Qf2 Qxf2+ 26. Kxf2 Ke7
27. Ke3 Ke6 28. b4 Ke5 29. b5 f5 30. Ra2 g5 31. Nd2 f4+ 32. Ke2 h5 33. c4 d4 34.
Ra5 b6 35. Ra3 Nc5 36. Ra1 h4 37. Rg1 Kf5 38. Nf1 g4 39. Nh2 d3+ 40. Kd2 g3 41.
Nf1 h3 0-1

[Event "AUTO-BEG-209"]
[Site "http://www.queenalice.com/game.php?id=390165"]
[Date "2008.4.19"]
[Round "1"]
[White "Lesser"]
[Black "DuNascimento"]
[Result "1-0"]
[WhiteElo "1406"]
[BlackElo "1140"]

1. e4 Nf6 2. e5 Ne4 3. d4 d5 4. f3 Nd6 5. exd6 exd6 6. Nc3 Qh4+ 7. g3 Qe7+ 8.
Qe2 c6 9. Qxe7+ Bxe7 10. Be3 b5 11. Nge2 Bf5 12. O-O-O b4 13. Na4 a5 14. g4 Be6
15. h4 Na6 16. Nf4 Nc7 17. Nxe6 fxe6 18. f4 h5 19. g5 Nb5 20. c3 bxc3 21. Bxb5
cxb5 22. Nxc3 b4 23. Nb5 Rc8+ 24. Kb1 Rb8 25. Nc7+ Kd7 26. Rc1 Bd8 27. Nxe6 Kxe6
28. Rhf1 Kf5 29. Rc6 Kg4 30. Rh1 Kf3 31. Bc1 Ke4 32. Rd1 Rb6 33. Rc2 g6 34. Re2+
Kf3 35. Rh2 a4 36. Kc2 b3+ 37. axb3 axb3+ 38. Kd3 Kg3 39. Rdd2 Rc6 40. Rdg2+ Kf3
41. Rg1 Ba5 42. Be3 Rc2 43. Rh3# 1-0

[Event "cAuTeLa!"]
[Site "http://www.queenalice.com/game.php?id=393006"]
[Date "2008.4.25"]
[Round "-"]
[White "Aleqza"]
[Black "DuNascimento"]
[Result "1-0"]
[WhiteElo "1514"]
[BlackElo "1121"]

1. Nc3 e5 2. Nf3 d6 3. Nd5 e4 4. Nd4 c6 5. Ne3 d5 6. h4 g6 7. d3 Bc5 8. c3 f5 9.
b4 Be7 10. dxe4 fxe4 11. Nec2 Bxh4 12. g3 Bf6 13. Bh3 b5 14. Bxc8 Qxc8 15. Ne3
c5 16. Nxb5 Qb7 17. Nd6+ Ke7 18. Nxb7 Bxc3+ 19. Bd2 cxb4 20. Bxc3 bxc3 21. Nxd5+
Ke6 22. Nc7+ Ke5 23. Nxa8 1-0

[Event "Challenge"]
[Site "http://www.queenalice.com/game.php?id=393007"]
[Date "2008.4.25"]
[Round "-"]
[White "Diego_Martinez"]
[Black "DuNascimento"]
[Result "1-0"]
[WhiteElo "1137"]
[BlackElo "1221"]

1. e4 Nf6 2. Nc3 d6 3. Bb5+ c6 4. Be2 e5 5. b3 b5 6. Ba3 h5 7. Nf3 Qa5 8. Nb1
Nxe4 9. Nc3 Nxc3 10. dxc3 Qxa3 11. Qc1 Qxc1+ 12. Rxc1 e4 13. Ng1 f5 14. f4 d5
15. Nh3 Ba3 16. Rd1 Bb2 17. O-O Bxc3 18. Ng5 g6 19. a4 b4 20. Rd3 exd3 21. Bxd3
Bd4+ 22. Kh1 a5 23. Re1+ Kf8 24. Ne6+ Bxe6 25. Rxe6 Kf7 26. Re2 c5 27. Re5 Bxe5
28. fxe5 Ke6 29. Bb5 f4 30. Be2 h4 31. Bf3 Kxe5 32. h3 g5 33. g4 1-0

[Event "Let's Play Chess!"]
[Site "http://www.queenalice.com/game.php?id=395125"]
[Date "2008.4.29"]
[Round "-"]
[White "FlorentC"]
[Black "DuNascimento"]
[Result "1-0"]
[WhiteElo "1508"]
[BlackElo "1258"]

1. e4 e5 2. Bc4 Nf6 3. Nc3 Bc5 4. Nf3 Nc6 5. h3 Nd4 6. Nxe5 d6 7. Nxf7 Qe7 8. d3
Rf8 9. Ng5 h6 10. Nf3 g5 11. Be3 Nxf3+ 12. Qxf3 b6 13. Bd5 Rb8 14. O-O-O h5 15.
Bxg5 Bd4 16. Bxf6 Rxf6 17. Qxh5+ Kd7 18. Bc6+ Kxc6 19. Qd5+ Kd7 20. Qxd4 c5 21.
Qe3 a5 22. Nd5 Qf7 23. Nxf6+ Qxf6 24. Rhe1 Qg6 25. Qf3 b5 26. Qf5+ Qxf5 27. exf5
Bb7 28. g4 Bf3 29. Rd2 Rh8 30. Re3 Rxh3 31. Rde2 Rh1+ 32. Re1 Rxe1+ 33. Rxe1
Bxg4 34. f6 Be6 35. a3 Bf7 36. Re7+ Kd8 37. Rxf7 Ke8 38. Re7+ Kf8 39. Kd2 1-0

[Event "nova tentativa"]
[Site "http://www.queenalice.com/game.php?id=395499"]
[Date "2008.4.29"]
[Round "-"]
[White "Aleqza"]
[Black "DuNascimento"]
[Result "0-1"]
[WhiteElo "1517"]
[BlackElo "1142"]

1. Nc3 Nf6 2. Nf3 d5 3. e3 Bg4 4. h3 Bxf3 5. Qxf3 h5 6. Qf4 Nc6 7. Nb5 e5 8. Qf5
a6 9. Nc3 g6 10. Qf3 Nb4 11. Kd1 e4 12. Qg3 h4 13. Qe5+ Be7 14. Bb5+ axb5 15.
Nxb5 Rc8 16. a3 Nc6 17. Qc3 Ra8 18. d3 Bb4 19. Qb3 Ra5 20. Nd4 Nxd4 21. exd4 Bd6
22. Qxb7 exd3 23. Bg5 Rh5 24. Bxf6 Qxf6 25. Qc8+ Qd8 26. Re1+ Be7 27. Qxd8+ Kxd8
28. cxd3 Rb5 29. Kc2 Rf5 30. Re2 Rf4 31. a4 Ra5 32. Kc3 Bf6 33. Kb4 Ra6 34. Rae1
Rxd4+ 35. Kb5 Rb6+ 36. Kc5 Rxd3 37. Rc1 Bd4+ 38. Kxd5 Bf6+ 39. Kc4 Rd4+ 40. Kc5
Rxa4 41. Rd1+ Kc8 42. Re8+ Kb7 43. b3 Ra8 44. Rxa8 Kxa8 45. Ra1+ Kb8 46. Re1
Rxb3 47. Kc6 Rc3+ 48. Kb5 c6+ 49. Ka4 c5 50. Kb5 c4 51. Kb6 Rb3+ 52. Kc6 c3 53.
Kc5 c2 54. Rc1 Rb2 55. Rxc2 Rxc2+ 56. Kd6 Rxf2 0-1

[Event "7 x 3"]
[Site "http://www.queenalice.com/game.php?id=396029"]
[Date "2008.4.30"]
[Round "-"]
[White "Aleqza"]
[Black "DuNascimento"]
[Result "0-1"]
[WhiteElo "1469"]
[BlackElo "1198"]

1. d4 Nf6 2. c4 d5 3. Qa4+ Bd7 4. Qb4 a5 5. Qxb7 Nc6 6. cxd5 Nxd5 7. e4 Nb6 8.
Nf3 Ra7 9. Qxa7 Nxa7 10. Ne5 h5 11. Nc3 f6 12. Ng6 Rg8 13. Bf4 Kf7 14. Nxf8 Rxf8
15. Be2 g6 16. O-O f5 17. Rfd1 fxe4 18. Nxe4 Ba4 19. b3 Bc6 20. Bf3 Nd5 21. Be5
Nc3 22. Nxc3 Bxf3 23. gxf3 Nc6 24. Kg2 h4 25. Kh3 g5 26. Ne4 Rg8 27. Rac1 Nb4
28. a3 Qd7+ 29. Kg2 Na2 30. Rxc7 Qd5 31. Rc5 Qxb3 32. Re1 Qxa3 33. Bc7 a4 34.
Ba5 Qd3 35. Rf5+ Kg6 36. Rxg5+ Kf7 37. Nc5 Qxd4 38. Rxg8 Kxg8 39. Rxe7 Qxc5 40.
Re2 Nc1 41. Re8+ Kf7 42. Re1 Nd3 43. Rd1 Nxf2 44. Rd7+ Ke8 45. Rh7 a3 46. Rh8+
Kd7 47. Rh7+ Kc8 48. Rc7+ Qxc7 49. Bxc7 Kxc7 50. Kxf2 a2 51. f4 a1=Q 52. Kg2 Qc3
53. f5 h3+ 54. Kf2 Qf6 55. Ke3 Qxf5 56. Kd4 Qf4+ 57. Kc5 Qxh2 58. Kb5 Qb2+ 59.
Ka4 h2 60. Ka5 h1=Q 0-1

[Event "Challenge"]
[Site "http://www.queenalice.com/game.php?id=396141"]
[Date "2008.4.30"]
[Round "-"]
[White "Gansothedark"]
[Black "DuNascimento"]
[Result "0-1"]
[WhiteElo "1126"]
[BlackElo "1258"]

1. e4 Nf6 2. d3 e5 3. Nf3 Bb4+ 4. c3 Bc5 5. Nxe5 Bd6 6. Nc4 h5 7. e5 Qe7 8. d4
b5 9. Ne3 Bxe5 10. d5 Bd6 11. Bxb5 Nxd5 12. O-O Nf4 13. Re1 Qe4 14. Nf5 Bb7 15.
Rxe4+ Bxe4 16. Nxg7+ Kf8 17. Nxh5 Nxh5 18. f3 a6 19. Bc4 Bxb1 20. Rxb1 Bc5+ 21.
Kh1 Ng3# 0-1

[Event "Challenge"]
[Site "http://www.queenalice.com/game.php?id=400796"]
[Date "2008.5.10"]
[Round "-"]
[White "Gansothedark"]
[Black "DuNascimento"]
[Result "1-0"]
[WhiteElo "1198"]
[BlackElo "1258"]

1. e4 Nf6 2. d3 e5 3. Nf3 Bb4+ 4. c3 Bc5 5. d4 exd4 6. cxd4 Bb4+ 7. Bd2 a5 8. e5
Ne4 9. Bc4 d5 10. Bb5+ c6 11. Ba4 f5 12. O-O g6 13. Bg5 Qb6 14. a3 h6 15. Bf6
Rf8 16. Bg7 1-0

[Event "Challenge"]
[Site "http://www.queenalice.com/game.php?id=400798"]
[Date "2008.5.10"]
[Round "-"]
[White "DuNascimento"]
[Black "Gansothedark"]
[Result "0-1"]
[WhiteElo "1240"]
[BlackElo "1216"]

1. e4 e6 2. e5 d5 3. exd6 Qxd6 4. Bb5+ c6 5. Bc4 b5 6. Bd3 e5 7. Qh5 g6 8. Qg5
f6 9. Qh4 Bg7 10. b3 Ne7 11. Nf3 g5 12. Qh5+ Kd8 13. Bxh7 e4 14. Ng1 Re8 15.
Bxe4 Bf5 0-1

[Event "Challenge"]
[Site "http://www.queenalice.com/game.php?id=402566"]
[Date "2008.5.13"]
[Round "-"]
[White "DuNascimento"]
[Black "slurp"]
[Result "0-1"]
[WhiteElo "1215"]
[BlackElo "1226"]

1. Nf3 Nc6 2. e3 e5 3. a4 d6 4. e4 Nf6 5. c4 Be7 6. Ng5 Nd4 7. a5 Bg4 8. f3 Bd7
9. b3 h6 10. Nh3 b6 11. a6 Nh5 12. g4 Bh4+ 13. Nf2 O-O 14. gxh5 Qf6 15. Bg2 Qg5
16. Kf1 Qxh5 17. Nc3 f5 18. Nd5 fxe4 19. Nxc7 Rac8 20. Nb5 exf3 0-1

[Event "7 x 4"]
[Site "http://www.queenalice.com/game.php?id=402797"]
[Date "2008.5.14"]
[Round "-"]
[White "Aleqza"]
[Black "DuNascimento"]
[Result "1-0"]
[WhiteElo "1475"]
[BlackElo "1221"]

1. e4 d5 2. exd5 Qxd5 3. Nc3 Qe5+ 4. Qe2 Qxe2+ 5. Ngxe2 Bg4 6. Nb5 Kd7 7. g3 a6
8. Nbd4 e5 9. Nb3 c5 10. d3 a5 11. Nc3 a4 12. Nd5 axb3 13. Nb6+ Kc6 14. Nxa8
bxc2 15. Bg2+ Kd6 16. Bxb7 h5 17. Kd2 Bd1 18. Rxd1 cxd1=Q+ 19. Kxd1 Nf6 20. Bd2
Ng4 21. Ke2 Nxh2 22. f3 Be7 23. Rh1 Nc6 24. Nb6 Nd4+ 25. Kf2 Kc7 26. Nd5+ Kxb7
27. Nxe7 Ndxf3 28. Bc3 Re8 29. Nf5 g6 30. Nd6+ Kc6 31. Nxe8 f5 32. Bxe5 Nxe5 33.
Ng7 Nhg4+ 34. Ke2 c4 35. dxc4 Nxc4 36. Rc1 Kb5 37. b3 Nb2 38. Rc2 Na4 39. bxa4+
Kxa4 40. Rc4+ Ka3 41. Rc6 Ne5 42. Re6 Nc4 43. Rxg6 Kxa2 44. Nxf5 Ne5 45. Ne7 Kb2
46. Rg5 Ng4 47. Rxh5 Kc3 48. Kf3 1-0

[Event "Challenge"]
[Site "http://www.queenalice.com/game.php?id=403068"]
[Date "2008.5.14"]
[Round "-"]
[White "Andre2000"]
[Black "DuNascimento"]
[Result "1-0"]
[WhiteElo "1461"]
[BlackElo "1215"]

1. Nh3 Nf6 2. e3 e6 3. b3 Bd6 4. Nc3 Qe7 5. Nb5 h5 6. Ba3 a6 7. Nxc7+ Bxc7 8.
Bxe7 Kxe7 9. Ng5 g6 10. h3 Be5 11. Qf3 1-0

[Event "Challenge"]
[Site "http://www.queenalice.com/game.php?id=403069"]
[Date "2008.5.14"]
[Round "-"]
[White "Jane"]
[Black "DuNascimento"]
[Result "1-0"]
[WhiteElo "1623"]
[BlackElo "1223"]

1. e4 Nf6 2. e5 Nd5 3. Bc4 Nb6 4. Qf3 Nxc4 5. Nh3 Nxe5 6. Qh5 Ng6 7. Ng5 h6 8.
Nf3 Nf4 9. Qf5 Nxg2+ 10. Kf1 e6 11. Qh5 Nf4 12. Qg4 g5 13. d3 f5 14. Qg3 1-0